00462nam a22001457a 4500008004100000020001500041050002900056100002100085245007400106250001200180260004000192300001900232500004000251650002500291150825b xxu||||| |||| 00| 0 eng d a0609803670 aREF TP 983 .A55 W57 1999 aWinter,Ruth M.S. aA consumer's dictionary of cosmetic ingredients/cRuth Winter, M.S. a5th ed. aNew York.bThree rivers pressc1999 a472p. :c16 cm aIncludes bibliographical references acosmetic ingredients